| 000 | 00404nam a22001697a 4500 | ||
|---|---|---|---|
| 005 | 20260408151144.0 | ||
| 008 | 160629b xxu||||| |||| 00| 0 eng d | ||
| 020 | _a978-0-00-730743-2 | ||
| 041 | _aeng | ||
| 082 | _a330.019 | ||
| 100 |
_aDan Ariely _98956 |
||
| 245 | _aPredictably Irrational | ||
| 260 |
_bHarper Collins _c2008 |
||
| 300 | _a254 | ||
| 650 |
_abehavioral economics _98955 |
||
| 942 | _cBK | ||
| 999 |
_c4782 _d4780 |
||